Movies Quiz

Random Movies or Pixar Quiz

First Five: Movies Quiz Stats

Quiz Updated Aug 21, 2016

Challenge
Share
Tweet
Embed
Score 0/30 Timer 06:00
5 Plays Today
% Correct
Toy Story (1995)
92%
Toy Story 2 (1999)
81.8%
Pulp Fiction (1994)
80.6%
Titanic (1997)
77.8%
Reservoir Dogs (1992)
68.8%
Dr. No (1962)
68.5%
Goldfinger (1964)
66.4%
Avatar (2009)
65.7%
Don Corleone
63.1%
A Bug's Life (1998)
61.3%
Finding Nemo (2003)
60.9%
Monsters, Inc. (2001)
59.2%
Carrie (1976)
58.1%
The Shining (1980)
54.5%
From Russia With Love (1963)
46.9%
% Correct
Jackie Brown (1997)
46.5%
Kill Bill: Vol. 2 (2004)
41.4%
Kill Bill: Vol. 1 (2003)
40.9%
Cujo (1983)
40.1%
Thunderball (1965)
35.3%
Sonny Corleone
34.4%
Christine (1983)
28.1%
You Only Live Twice (1967)
27.4%
The Lord of the Rings: The Return of the King (2003)
19.1%
The Dark Knight (2008)
18.1%
The Dead Zone (1983)
12.5%
Pirates of the Caribbean: Dead Man's Chest (2006)
10.4%
Amerigo Bonasera
9.6%
Peter Clemenza
9.4%
Sandra Corleone
5.9%

You're not logged in!

Compare scores with friends on all Sporcle quizzes.
Join for Free
OR
Log In

You Might Also Like...

Show Comments

Extras

Top Quizzes Today


Score Distribution

Your Account Isn't Verified!

In order to create a playlist on Sporcle, you need to verify the email address you used during registration. Go to your Sporcle Settings to finish the process.

Report this User

Report this user for behavior that violates our Community Guidelines.

Details: